[Event "Pulvermuehle 6th"]
[Site "Pulvermuehle"]
[Date "2006.02.25"]
[Round "1"]
[White "Atlas, Valeri"]
[Black "Markos, Jan"]
[Result "0-1"]
[WhiteElo "2480"]
[BlackElo "2493"]
[Annotator "Rogozenco,D"]
[PlyCount "148"]
[EventDate "2006.02.25"]
[EventType "tourn"]
[EventRounds "9"]
[EventCountry "GER"]
[EventCategory "12"]
[SourceTitle "CBM 112"]
[Source "ChessBase"]
[SourceDate "2006.06.07"]
[SourceVersion "1"]
[SourceVersionDate "2006.06.07"]
[SourceQuality "1"]

1. e4 c5 2. Nf3 Nc6 3. Nc3 Nf6 4. d4 cxd4 5. Nxd4 e5 6. Ndb5 d6 7. Nd5 Nxd5 8.
exd5 Nb8 9. c4 Be7 10. Bd3 O-O 11. O-O f5 12. f3 (12. f4 a6 13. Nc3 Nd7 $11)
12... a6 13. Nc3 Nd7 ({The main continuation is} 13... Bg5 {Then} 14. Bxg5 Qxg5
15. f4 exf4 16. Qe2 Qh6 {leads to a complicated position, with approximately
equal chances.}) 14. Be3 ({Better is} 14. Kh1 {even if in the variation} Bg5
15. b4 a5 16. a3 axb4 17. Bxg5 Qxg5 18. axb4 Rxa1 19. Qxa1 Qe3 20. Be2 {
Fillipov's} Nb8 {offer Black good prospects.}) 14... Bg5 15. Bf2 {The main
drawback of this set-up (Bd3 with f3 and Be3-f2) is that it often allows a
perspective positional pawn sacrifice, as it happened soon in the game.} Qf6 ({
The immediate} 15... e4 {is also possible. White must reply} 16. fxe4 f4 17. c5
$1 {(after other moves Black has great compensation)} dxc5 (17... Nxc5 18. Bxc5
dxc5 19. e5 $16) (17... f3 $142 $5 18. gxf3 Ne5 19. Bg3 Bf4 $44) 18. d6 Kh8 (
18... Ne5 $5) 19. Be2 b6 20. e5 $1 Nxe5 21. Qd5 f3 22. Qxa8 fxe2 23. Nxe2 Qxd6
24. Bg3 Bf6 25. Qe4 Re8 26. Rae1 Bd7 27. Nc3 Bc6 28. Qf5 $16 {1-0 Kurnosov,I 
(2523)-Poobesh Anand,S (2397)/Instanbul 2005 (36)}) 16. Bc2 $146 {It makes
sense to remove the bishop from tempis like ...Nc5 or ...e4. Nevertheless
Black can still implement his idea.} ({So far in practice White tried the
following moves:} 16. Qc2 Nc5 17. Be2 (17. Bxc5 $6 dxc5 18. Rae1 Bd7 $17 {
0-1 Gomez,G (1916)-Matsuura,E (2474)/Belo Horizonte 2004 (33)}) 17... a5 18.
Na4 (18. a3 $2 a4 19. Bxc5 dxc5 20. Nxa4 Qh6 $17) 18... Nxa4 19. Qxa4 e4 20.
Qa3 Bf4 21. fxe4 Be5 22. Rab1 Qh6 23. g3 fxe4 24. Be3 Rxf1+ 25. Rxf1 Qg6 26.
Bf4 Bh3 27. Rf2 Bd4 28. Be3 Be5 29. Bf4 Bd4 30. Be3 Be5 {1/2-1/2 Smeets,J 
(2505)-Pavlovic,M (2548)/Wijk aan Zee 2004}) (16. Na4 b6 17. Nxb6 Nxb6 18. Bxb6
Rb8 19. Ba5 Be3+ 20. Kh1 Rxb2 21. Bc3 Rf2 22. Rxf2 Bxf2 23. f4 Bc5 24. Rb1 Qe7
25. fxe5 dxe5 $15 {1/2-1/2 Matulovic,M (2428)-Milanovic,D (2427)/Belgrade 2002
(44)}) (16. Qe2 e4 17. fxe4 f4 18. Kh1 Ne5 19. Bd4 Qe7 20. Bxe5 {1/2-1/2 Milos,
G (2594)-Matsuura,E (2460)/Sao Paulo 2004}) 16... Qh6 17. Qe2 e4 $1 18. fxe4 f4
19. Bd4 ({Now} 19. c5 {is less effective. Black has at least} dxc5 20. e5 f3
21. gxf3 Bf4 22. Bg3 Nxe5 $15) 19... Bf6 {Thanks to his control over square e5
and the pawn majority on the f-h files Black has very good compensation.} 20.
Qd2 Ne5 21. Bxe5 Bxe5 22. Rf2 g5 23. Raf1 Qg7 24. Kh1 Bd4 (24... g4 $6 25. Ne2
$1) 25. Rf3 Be3 (25... Bg4 26. Rd3 Be3 $17) 26. Rxe3 {A forced exchange
sacrifice.} fxe3 27. Rxf8+ Qxf8 28. Qxe3 Qf1+ 29. Qg1 Qxc4 $15 {Black would
have had large advantage if not the open position of his king. Here White has
good chances to escape.} 30. Qc1 Kh8 (30... h6 31. h4 $15) 31. Bb3 Qd4 32. Qxg5
Bh3 $1 33. Qf4 (33. gxh3 Rg8 $19) 33... Rg8 34. g3 b5 35. a3 Re8 36. Bd1 Qe5
37. Qxe5+ Rxe5 38. Be2 Kg7 39. Kg1 Kf6 40. Kf2 Re8 41. Ke3 Ke5 $6 (41... Rc8
$142) 42. Nd1 Kf6 43. Kd4 Bd7 44. Nc3 h6 45. Bd3 Rc8 46. Na2 h5 47. Nc3 (47.
Nb4 $142 a5 48. Na2 h4 49. gxh4 Rh8 50. b4 {[%csl Rb5]}) 47... h4 48. gxh4 Rh8
49. e5+ $5 dxe5+ 50. Kc5 Rxh4 51. d6 Rxh2 52. Ne4+ Kf7 53. Kb6 Rxb2 54. Nc5 Bg4
55. d7 Ke7 56. Kc7 Bxd7 57. Nxd7 Rb3 58. Nxe5 Ke6 59. Ng6 (59. Bxb5 $1 {
is a nice way to draw:} axb5 (59... Rxb5 60. Nd3 $1 a5 (60... Ra5 61. Kb6 Rxa3
62. Nc5+ $11) 61. Kc6 Rb1 62. Nc5+ Ke5 63. Nb7 a4 64. Nc5 $11) 60. Nc6 Kd5 (
60... Rc3 61. Kb6 Kd5 62. Na7 Kc4 63. Nxb5 Rb3 64. a4 $11) 61. Kb6 Rb1 62. Na7
Kc4 63. Nc8 $11) 59... Kd5 60. Kb6 Rxa3 61. Bf1 b4 62. Ne7+ Kd6 (62... Ke6 63.
Nc6 b3 64. Nd4+ Kd5 65. Nxb3 $11) 63. Nf5+ $2 (63. Nc6 {makes an easy draw:} b3
64. Na5 $1 $11 {and Black cannot save his pawns.}) 63... Ke5 64. Ne7 b3 65. Bd3
b2 66. Bh7 Rg3 67. Nc6+ $2 (67. Kxa6 Rg7 68. Nc6+ Kd5 69. Nb4+ Kd4 (69... Kc4
70. Nd3 $1 $11) 70. Nc6+ Kc3 71. Be4 Rg2 72. Bb1 Rg1 73. Be4 Rc1 74. Na7 $1 {
This resource saves White:} Rc2 75. Nb5+ Kd2 76. Bxc2 Kxc2 77. Na3+ Kb3 78. Nb1
$11) 67... Kf6 $2 (67... Kd5 68. Na5 Kd4 {[%cal Gg3d3]} 69. Bb1 Rg1 70. Bh7 Rd1
{[%cal Gd1d3]} 71. Nb3+ Kc4 72. Na5+ Kc3 73. Kxa6 Rd3 $19) 68. Kxa6 $2 ({
Even here White could make a draw with} 68. Bb1 Rg1 69. Bd3 Rd1 (69... Rc1 70.
Na5 Ke5 71. Kxa6 Kd4 72. Bh7 Rd1 73. Nc6+ Kc3 74. Na7 Kc4 75. Bc2 Rc1 76. Bh7
$11) 70. Bh7 Ra1 71. Na5 $11) 68... Rg6 $1 $19 69. Bxg6 Kxg6 70. Ne7+ Kf7 71.
Nd5 b1=Q 72. Nb6 Ke6 73. Kb7 Kd6 74. Ka7 Kc6 0-1

[Event "YUG-ch 55th"]
[Site "Subotica"]
[Date "2000.03.31"]
[Round "13"]
[White "Ivanisevic, Ivan"]
[Black "Damljanovic, Branko"]
[Result "0-1"]
[WhiteElo "2460"]
[BlackElo "2534"]
[Annotator "Rogozenco,D"]
[PlyCount "67"]
[EventDate "2000.03.16"]
[EventType "tourn"]
[EventRounds "15"]
[EventCountry "YUG"]
[EventCategory "10"]
[SourceTitle "CBM 076"]
[Source "ChessBase"]
[SourceDate "2000.05.31"]
[SourceVersion "1"]
[SourceVersionDate "2000.05.31"]
[SourceQuality "1"]

1. e4 c5 2. Nf3 e6 3. d4 cxd4 4. Nxd4 Nf6 5. Nc3 Nc6 6. Ndb5 d6 7. Bf4 e5 8.
Bg5 a6 9. Bxf6 gxf6 10. Na3 b5 11. Nd5 Bg7 12. c3 f5 13. exf5 Bxf5 14. Nc2 Be6
15. Nce3 Ne7 16. Nxe7 {With this sideline White can hardly pretend to get an
advantage out of the opening. More than that, he must by carefull not to allow
black central pawns to advance.} (16. g3) 16... Qxe7 17. Bd3 $6 {A rather
doubtful line, although played quite often.} ({Better is} 17. Qf3 {taking both
f5 and d5 under cotrol.} O-O 18. Bd3 Rad8 19. Qh5 h6 20. O-O d5 21. Nf5 Qf6 $1
22. Nxg7 Kxg7 23. a4 e4 24. Be2 d4 $1 $15 {0-1 Fedorchuk,S-Filippov,V/
Bydgoszcz 1999 (45)}) 17... d5 18. O-O Rd8 (18... Qg5 19. a4 e4 20. Bc2 b4 21.
f4 exf3 22. Rxf3 bxc3 23. bxc3 Bxc3 24. Rb1 (24. Nf5 {Rados Bakic} Bxa1 25.
Qxa1 Kd7) 24... Be5 25. Nf5 Qh5 26. h3 Qg5 27. Qe2 Rg8 28. Rb4 Rg6 29. Rg4 Qc1+
30. Rf1 Qb2 31. Rb1 Qc3 32. Kh1 Kf8 33. Bd3 Bc7 34. Rf1 Re8 35. Rxg6 hxg6 36.
Nh6 f5 {0-1 Knezevic,B-Vukic,M/Vrnjacka Banja 1999/EXT 2000 (36)}) (18... O-O
19. Qh5 e4 20. Bc2 f5 21. Bb3 Rad8 22. Rad1 Qc5 23. Rd2 Kh8 24. Rfd1 f4 25.
Nxd5 e3 $132 {0-1 Malashenko,A-Strutinskaya,G/Elista 1997 (40)}) 19. Qh5 e4 20.
Bc2 Qf6 ({There is no point to swap a Bishop for the Knight after} 20... O-O
21. Nf5 $13) 21. Rad1 Qg6 $1 {Thanks to this little trick Black manage to keep
everything defended and has a better position.} (21... Qe5 $2 22. Qxe5 Bxe5 23.
Bb3 {[%csl Rd5]}) 22. Qe2 $2 (22. Qxg6 hxg6 23. Bb3 {was necessary.} Rh5 24.
Rd2 b4 25. cxb4 Ke7 26. Rc1 d4 27. Bxe6 Kxe6 $44) 22... f5 $17 23. f3 O-O 24.
fxe4 (24. Bb3 d4 $17) 24... fxe4 25. Bb3 Rxf1+ 26. Rxf1 Kh8 27. g3 Bh3 (27...
d4 $17) 28. Ng2 (28. Rd1 d4 29. cxd4 Bxd4 30. Kh1 Qg5 $17) 28... d4 $19 29. Rf4
Qb6 30. Kh1 dxc3 31. bxc3 e3 32. Qh5 (32. Nxe3 Re8 (32... Qc6+ $17) 33. Qh5
Rxe3 34. Qxh3 Qc6+ 35. Kg1 Re1+ 36. Rf1 Bf8 $1 $19 37. Rxe1 Bc5+ 38. Kf1 Qf3#)
32... Qc6 33. Qxh3 e2 34. Kg1 0-1

[Event "Moscow Aeroflot op-A"]
[Site "Moscow"]
[Date "2006.02.12"]
[Round "5"]
[White "Sedlak, Nikola"]
[Black "Zhang, Pengxiang"]
[Result "1-0"]
[WhiteElo "2518"]
[BlackElo "2638"]
[Annotator "Rogozenco,D"]
[PlyCount "47"]
[EventDate "2006.02.08"]
[EventType "swiss"]
[EventRounds "9"]
[EventCountry "RUS"]
[SourceTitle "CBM 112"]
[Source "ChessBase"]
[SourceDate "2006.06.07"]
[SourceVersion "1"]
[SourceVersionDate "2006.06.07"]
[SourceQuality "1"]

1. e4 c5 2. Nf3 Nc6 3. d4 cxd4 4. Nxd4 Qb6 5. Nb3 Nf6 6. Nc3 e6 7. Bd3 d6 8.
O-O a6 9. Kh1 Qc7 10. f4 b5 11. Qe2 Bb7 12. Bd2 Be7 13. Rae1 $14 O-O {A very
risky move. Black should probably delay castle short.} (13... b4 $142 14. Nd1
a5 $14) 14. Rf3 $1 {White starts a strong attack.} b4 $6 {Helps White to
transfer the knight to the kingside (this knight will play the decisive role
in the attack, actually).} (14... e5 {runs into} 15. Nd5 Nxd5 16. exd5 $18) ({
Black could try to complicate matters with} 14... Nb4 15. Nxb5 (15. Rh3 e5 16.
a3 Nxd3 17. cxd3 $14) 15... axb5 16. Bxb4 Rxa2 17. Rh3 (17. e5 Bxf3) 17... e5
$1) 15. Nd1 g6 $146 (15... e5 16. Rh3 exf4 17. Bxf4 Bc8 18. Rg3 Ne5 19. Ne3 Re8
20. Rf1 Kh8 21. Bg5 Qd8 22. Nd4 Ng8 23. Bxe7 Nxe7 24. Qh5 g6 25. Qh6 Ng8 26.
Qf4 $16 {1-0 Thipsay,B (2247)-Safira,S (2136)/Mumbai 2000 (34)}) (15... a5 {
loses by force:} 16. e5 Nd7 17. Bxh7+ Kxh7 18. Rh3+ Kg8 19. f5 $1 ({After} 19.
Qh5 f5 {it is unlikely that White has more than a draw.} (19... f6 20. f5 $1
$18) 20. Qh7+ Kf7 21. Qh5+ Kg8 22. Qh7+ $11) 19... g6 20. Qe3 Ncxe5 21. Qh6
Bxg2+ 22. Kxg2 Qc6+ 23. Kf1 Qh1+ 24. Ke2 Qg2+ 25. Nf2 $18) 16. Rh3 Rfd8 (16...
a5 $142 {and White does not have time to play similar as in the game:} 17. Nf2
(17. c3 $1 $40 {>>}) 17... a4 18. Nc1 a3 19. b3 Nd4 $132) 17. Nf2 a5 (17... e5
$8 18. f5 $16 (18. Ng4 $16)) 18. e5 Nd7 19. Ng4 Nf8 20. Qf2 a4 {[%mdl 64]} 21.
f5 $1 exf5 ({Nothing changes} 21... gxf5 22. Nh6+ Kg7 23. Nxf5+ $18) (21...
axb3 22. Nh6+ Kh8 (22... Kg7 23. f6+ $18) 23. Nxf7+ Kg7 24. Nxd8 $18) 22. Nh6+
Kg7 23. Nxf5+ $1 gxf5 (23... Kh8 24. exd6 Bxd6 25. Nxd6 Qxd6 26. Bf4 Qd5 27.
Nc5 $18 {[%cal Gd3e4]}) 24. Qxf5 (24. Qxf5 Ng6 (24... Nxe5 25. Rxh7+ Kg8 (25...
Nxh7 26. Qxh7+ Kf6 27. Qh6+ Ng6 28. Bg5#) 26. Rxe5 $18) 25. Rxh7+ Kxh7 26.
Qxf7+ Kh8 27. Bxg6 $18) 1-0

[Event "Moscow Aeroflot op-A"]
[Site "Moscow"]
[Date "2006.02.14"]
[Round "7"]
[White "Predojevic, Borki"]
[Black "Roiz, Michael"]
[Result "1-0"]
[WhiteElo "2553"]
[BlackElo "2599"]
[Annotator "Rogozenco,D"]
[PlyCount "93"]
[EventDate "2006.02.08"]
[EventType "swiss"]
[EventRounds "9"]
[EventCountry "RUS"]
[SourceTitle "CBM 112"]
[Source "ChessBase"]
[SourceDate "2006.06.07"]
[SourceVersion "1"]
[SourceVersionDate "2006.06.07"]
[SourceQuality "1"]

1. e4 c5 2. Nf3 Nc6 3. d4 cxd4 4. Nxd4 Nf6 5. Nc3 e5 6. Ndb5 d6 7. Bg5 a6 8.
Na3 b5 9. Nd5 Be7 10. Bxf6 Bxf6 11. c4 {This variations started to gain
popularity lately. It was even used on the highest level by Kamsky, Svidler
and Morozevich.} b4 12. Nc2 a5 13. g3 {Kamsky developed the bishop on e2.} (13.
b3 Bg5 14. g3 O-O 15. h4 Bh6 16. Bh3 Be6 $11) 13... O-O 14. Bg2 (14. h4 Be6 15.
Bh3 Nd4 $5 16. Nxd4 exd4 17. Qd3 Rc8 18. Kf1 Rc5 19. Kg2 Bxd5 20. exd5 Rc7 21.
Rhe1 {1/2-1/2 Svidler,P (2765)-Eljanov,P (2655)/Bundesliga 2006}) 14... Be6 (
14... g6 $6 15. Nxf6+ (15. h4 $5) 15... Qxf6 16. O-O Bb7 17. Qd3 Qe7 18. Rfd1
Rad8 19. a3 $1 $14 {1-0 Balogh,C (2567)-Zezulkin,J (2494)/Warsaw 2005 (35)}) (
14... Bg5 $142 {with the intention to challenge the knight d5 with Nc6-e7.} 15.
O-O Ne7 {is about equal.}) 15. O-O {In order to keep the balance Black must
play very accurately. White can combine plans on the queenside (a2-a3), in the
center (by doubling on the d-file) and on the kingside (f2-f4). Black must be
ready to meet all these plans.} Bxd5 $6 {Trying to solve everything at once
doesn't work well.} (15... Rb8 16. Qd3 (16. Nxf6+ Qxf6 17. Qxd6 Rbc8 $44) 16...
Bg5 17. Rad1 Bh6 $13) ({Black could try to implement the plan from the game
after} 15... Bg5 16. Qd3 {but even here} (16. f4 Bf6 $13 (16... exf4 17. gxf4
Bh6 $13)) 16... Bxd5 17. cxd5 Nb8 {[%cal Gb8a6,Ga6c5]} 18. a3 {is some edge
for White.}) 16. cxd5 $14 ({Stronger than} 16. Qxd5 Qc7 17. Rad1 Nd4 $11 (17...
Be7 18. Ne3 Nd4 19. Nf5 Nxf5 20. exf5 Rac8 21. b3 $14 {1-0 Renault,F (2039)
-Harestad,T (2212)/Norway 2002 (48)})) 16... Nb8 $146 (16... Na7 17. h4 Qb8 18.
Bh3 Bd8 19. Ne3 Bb6 20. Nc4 Bd4 21. Rc1 Nc8 22. Qe2 a4 23. Kg2 b3 24. a3 Ne7 (
24... Nb6 $5) 25. Ne3 g6 26. h5 Ra7 27. Rh1 $36 {1-0 Fedorov,A (2608)-Zhigalko,
S (2496)/Minsk 2006 (60)}) 17. Ne3 Nd7 18. h4 (18. Rc1 Bg5 19. f4 $14 (19. Qe2
Bxe3 20. Qxe3 Nc5 $11)) 18... g6 19. Rc1 Nc5 20. Rxc5 $1 {A good positional
exchange sacrifice.} dxc5 21. Nc4 {White's plan is d6, Qd5 and f4, with a
total domination.} Qc7 {Black brings the queen to c6 in order to control
square d5} 22. d6 Qc6 23. Qd3 ({Interesting was starting the advance of
kingside pawns with} 23. f4 Rfe8 24. g4 $5 Bg7 25. f5 $36 {followed by g5 and
h5.}) 23... Rfd8 $2 {A surprising mistake. White will obviously play f2-f4 and
the removal of the rook from the kingside does not look particularly wise.} ({
Obligatory was} 23... Rad8 24. f4 (24. Rd1 $5 Bg7 25. h5 $44) 24... Rfe8 {
and although White has a good compensation, it is not easy to make progress.} (
24... exf4 $2 25. e5 $18) 25. f5 {is met by} (25. Rd1 $5) (25. b3 $5) 25... g5)
(23... Rfe8 24. Rd1 $1 Rad8 (24... a4 25. Qd5 $1 Qxd5 26. Rxd5 b3 27. a3 Rad8
28. Bh3 $16) 25. Qd5 (25. Nxa5 Qa8 $13) 25... Qa4 (25... Qxd5 26. Rxd5 $16) 26.
Ne3 (26. f4 $2 exf4 27. e5 Bxe5 28. Nxe5 Rxe5 29. Qxe5 Qxd1+ $19) (26. Rd3 Qxa2
27. Rf3 Re6 28. Qxc5 $11 (28. Bh3 $2 Rexd6 29. Nxd6 Qxd5 30. exd5 Rxd6 $19))
26... Bg7 27. d7 Re7 (27... Rf8 28. h5 $16) 28. Bh3 Bf8 (28... Bh6 29. Rd2 Bxe3
30. fxe3 Qb5 31. Qd6 Kf8 32. Qc7 $18) 29. h5 $16) 24. f4 $16 {Now Black has a
very difficult position.} Re8 ({Relatively best was} 24... Qe8 {although after}
25. Qd5 (25. Bh3 $2 exf4 26. Rxf4 Bd4+) 25... exf4 26. e5 Bg7 27. gxf4 {
White has a large advantage.}) 25. d7 Red8 26. fxe5 Rxd7 (26... Bg7 27. Bh3 Ra7
$140 28. Rxf7 $1 Kxf7 29. Nd6+ Ke7 (29... Kf8 30. Qf1+ Kg8 31. Qc4+ $18) 30.
Nc8+ $18) (26... Be7 27. Bh3 Rf8 28. Qd5 Ra6 (28... Qxd5 29. exd5 $18) 29. h5
$16) 27. Rxf6 $18 Rxd3 28. Rxc6 {The rest is an easy technical win for White.}
a4 29. Rd6 (29. e6 fxe6 30. Bh3 $18) 29... Rxg3 30. Kh2 Rg4 31. Kh3 h5 32. Ne3
a3 33. b3 c4 34. bxc4 $6 {It made no sense to give Black counterplay.} ({
Much simpler is} 34. Nxc4 $18) 34... b3 35. Rd1 b2 36. Nxg4 hxg4+ 37. Kxg4 Rb8
38. Rb1 Rb3 $1 39. Bf1 $2 {This unexpectedly offers Black chances.} (39. axb3
$4 a2 40. Rxb2 a1=Q $11) ({Still an easy win was} 39. e6 $1 f6 (39... fxe6 40.
e5 Rc3 41. Bf1 Kg7 42. Kf4 $18) 40. h5 gxh5+ (40... Rc3 41. hxg6 Rc1 42. e7 $18
) 41. Kf5 Rc3 42. e5 Rc1 43. e7 Kf7 44. exf6 Rxb1 45. Bd5+ Ke8 46. Bc6+ Kf7 47.
e8=Q#) 39... Rc3 40. Kf4 $2 (40. e6 f6 41. h5 gxh5+ 42. Kf5 Rf3+ (42... Kg7 43.
Be2 $18) 43. Kg6 Kf8 44. Bg2 Rf2 (44... Rg3+ 45. Kxf6 Rxg2 46. e7+ Ke8 47. Rd1
Rf2+ 48. Ke6 $18) (44... Rc3 45. Kxf6 Rc1 46. e7+ Ke8 47. e5 $18) 45. Bh3 Ke7
46. Rd1 Rc2 47. e5 fxe5 48. Rd7+ Ke8 49. Rb7 $18) 40... Kf8 41. e6 f6 (41...
fxe6 42. e5 $18 {[%cal Gf4e4,Gf1d3]}) 42. e5 f5 43. h5 gxh5 44. Kxf5 Rc1 $2 ({
After} 44... Ke7 $1 {it is not clear how White can win. For instance:} 45. c5 (
45. Kg5 Kxe6 46. Kxh5 Kxe5) ({White can even lose after} 45. Ke4 $2 Rc1 46. Bd3
h4 $19) 45... Rxc5 46. Bd3 Rc1 47. Kf4 Kxe6 48. Bf5+ Kd5 $1 (48... Ke7 49. Kg5)
49. Be4+ Ke6 $11) 45. Kf6 Rxb1 46. e7+ Ke8 47. Bg2 (47. Bg2 Rf1+ 48. Ke6 $1)
1-0

[Event "Moscow Aeroflot op-A"]
[Site "Moscow"]
[Date "2006.02.15"]
[Round "8"]
[White "Smirnov, Pavel"]
[Black "Kosintseva, Tatiana"]
[Result "1-0"]
[WhiteElo "2614"]
[BlackElo "2479"]
[Annotator "Rogozenco,D"]
[PlyCount "63"]
[EventDate "2006.02.08"]
[EventType "swiss"]
[EventRounds "9"]
[EventCountry "RUS"]
[SourceTitle "CBM 112"]
[Source "ChessBase"]
[SourceDate "2006.06.07"]
[SourceVersion "1"]
[SourceVersionDate "2006.06.07"]
[SourceQuality "1"]

1. e4 c5 2. Nf3 Nc6 3. d4 cxd4 4. Nxd4 Nf6 5. Nc3 e5 6. Ndb5 d6 7. Bg5 a6 8.
Na3 b5 9. Bxf6 gxf6 10. Nd5 Bg7 11. Bd3 Ne7 12. Nxe7 Qxe7 13. c4 f5 14. O-O O-O
15. Qh5 Rb8 16. exf5 e4 17. Rae1 Bb7 18. Qg4 {An old line, rightly considered
not particularly dangerous for Black. On the other hand other moves bring
White no advantage either.} (18. cxb5 d5 $44) (18. Nc2 bxc4 19. Bxc4 d5 20. f6
Qxf6 21. Bxd5 Bxd5 22. Qxd5 Rxb2 $11) (18. f3 d5 $1 19. fxe4 dxc4 $15) (18. b3
bxc4 19. bxc4 Rfe8 $11) 18... Rfe8 ({A good alternative is} 18... Kh8 19. Bxe4
Bxb2 $13 {/=}) 19. cxb5 d5 20. bxa6 Bc6 21. a7 ({Another try is} 21. f3 h5 ({
Deserves attention} 21... Rxb2 $5 22. fxe4 Kh8 $13 {[%cal Ge8g8]}) 22. Qg3 Qe5
23. Qxe5 Bxe5 24. fxe4 dxe4 25. Be2 (25. Bc4 $14 {Avrukh}) 25... Rxb2 26. Nc4
Bd4+ 27. Kh1 Rc2 28. Nd6 Rd8 $11 {1/2-1/2 Kotronias,V (2602)-Avrukh,B (2557)/
Kavala 2003 (37)}) 21... Rxb2 22. Rc1 Bd7 $2 ({The wild position after} 22...
exd3 23. Rxc6 Qe2 24. Qa4 Ra8 {is about equal:} (24... Rxa2 $2 25. g3 (25. Rb6
Bf8 26. Qxe8 Qxe8 27. Rb8 Rxa3 28. Rxe8 Rxa7 29. Rd1 $18) 25... Bd4 26. Qxd4
Rxa3 27. Rd6 d2 28. Rxd5 {1-0 Kotronias,V (2570)-Mastrokoukos,G (2425)/
Karditsa 1995}) 25. Rcc1 (25. g3 $142 {and now a possible variation that leads
to a theoretically drawish rook endgame is:} d2 (25... Rb7 26. Nb5 d2 27. Qc2 (
27. Rc8+ Rxc8 28. a8=Q Rbb8 $1 29. Q8a7 Rc1 30. Qxb8+ Bf8 31. Qxf8+ Kxf8 32.
Qa3+ Qe7 33. Qa8+ Qe8 34. Qa3+ Qe7 35. Qa8+ $11) 27... d1=Q 28. Rxd1 Qxc2 29.
Rxc2 Rxb5 30. Rdc1 Rxa7 31. Rc8+ Bf8 32. f6 $1 $16 {/\Rxf8}) 26. Qd1 Qxd1 27.
Rxd1 Rxa7 28. Nc2 Raxa2 29. Rc8+ Bf8 30. Rxd2 Kg7 31. Re2 d4 32. f6+ Kxf6 33.
Nxd4 Rxe2 34. Nxe2 Rxe2 35. Rxf8 {All this is not forced, but quite typical -
the sharp position with mutual chances often ends up in a draw.}) 25... Rb7 26.
Nb5 d2 27. Rb1 Raxa7 28. Qb3 (28. Nxa7 $4 Rxb1 29. Rxb1 Qe1+) 28... Ra5 ({
After the correct} 28... Qc4 $1 {it is White who must play carefully to
maintain the balance.}) 29. a4 Qc4 30. Qg3 Ra6 31. Rbd1 Qxa4 32. Nd6 $2 ({
White is a pawn up with a certain winning chances after} 32. Nc7 Rb3 33. Qg5
Rd6 34. f6 Rxf6 35. Nxd5) 32... Rb3 33. f3 Qd4+ 34. Kh1 Qe5 $19 {0-1 Pavlovic,
M (2500)-Dujkovic,S (2398)/Herceg Novi 2001 (41)}) (22... h5 $5 23. Qg3 (23.
Qxh5 $2 exd3 24. Rxc6 Rxf2 $1 25. Rxf2 Qe1+ 26. Rf1 Bd4+ 27. Kh1 Qxf1#) 23...
h4 24. Qg4 exd3 25. Rxc6 Qe2 26. Qa4 Ra8 27. f6 (27. Rcc1 d2 28. Rcd1 h3 $132)
27... Bf8 28. Qxh4 d2 29. Qg5+ Kh8 $11) 23. Bb5 h5 ({After} 23... Bxb5 {
White wins immediately thanks to} 24. f6 $1 Qxf6 25. Nxb5 Rxb5 ({or} 25... Qd8
26. Nc7 Rxa2 27. Nxe8 Qxe8 28. Rc8 $18) 26. Rc8 $18) 24. Qd1 $1 {This
recommended in several theoretical sources continuation is the reason why 22...
Bd7 is not satisfactory for Black. White is close to winning.} ({The only game
with the present position continued} 24. f6 $2 hxg4 25. fxe7 Bxb5 26. Nxb5 Rxb5
27. Rc7 f5 28. Rfc1 Kf7 29. a8=Q Rxa8 30. e8=Q+ Kxe8 31. Rxg7 Rab8 32. h4 Rb1
33. Rxb1 Rxb1+ 34. Kh2 d4 {and Black won soon, Bosboom,M (2355)-Van der Wiel,J
(2555)/Hilversum 1988}) 24... Qxa3 (24... Bxb5 25. Nxb5 Rxb5 26. Qa4 $16 {/+-})
(24... Ra8 25. Rc7 Qxa3 26. Bxd7 Qd6 27. Qc1 Rxa2 28. Rc8+ Rxc8 29. Qxc8+ Qf8
30. Qb8 {Threatening 31.Bc6} Bd4 31. f6 $1 Rxa7 32. Qg3+ Kh8 33. Qg5 Qg8 34.
Qxh5+ Qh7 35. Qxd5 Bxf6 36. Bf5 $16 {/+-}) 25. Bxd7 Rd8 (25... Ra8 26. Bc6 Rxa7
27. Bxd5 e3 28. Qxh5 exf2+ 29. Kh1 $18) 26. Ba4 d4 (26... Rxa2 27. Qxd5 $1 $18)
27. Rc7 $18 Qd6 28. Qc1 Rb1 29. Qc4 $1 ({Stronger than} 29. Qxb1 Qxc7 30. Qxe4
Qxa7) 29... Rxf1+ 30. Kxf1 Qf8 (30... Rf8 31. Rxf7 $18) 31. Bb3 Kh8 32. Qxf7
1-0